[Event "It (open)"]
[Site "masterchessopen.com Krakow (Poland)"]
[Date "2006.05.01"]
[Round "3"]
[White "Banaszkiewicz Mikolaj (POL)"]
[Black "Swieszek Daria (POL)"]
[Result "1-0"]
[WhiteElo "2002"]
[BlackElo "1850"]

1.d4 Nf6 2.c4 e6 3.Nc3 Bb4 4.e3 c5 5.Bd3 d5 6.Nf3 cxd4 7.exd4 Nc6 8.O-O dxc4
9.Bxc4 Qc7 10.Nb5 Qd8 11.Bf4 Ba5 12.Nd6+ Ke7 13.Ng5 Rf8 14.d5 exd5 15.Bxd5 Be6
16.Bxe6 fxe6 17.Nxb7 Qxd1 18.Raxd1 Bb4 19.a3 Nd5 20.Bg3 Rf5 21.axb4 Rxg5
22.Bh4 Kf6 23.f4 Ne3 24.fxg5+ Kg6 25.Rd6 Nxf1 26.Rxc6 Nd2 27.Rxe6+ Kh5 28.Be1
Nc4 29.Bc3 g6 30.Re4 {#r} 1-0

[Event "It \"]
[Site "masterchessopen.com Ecuador"]
[Date "2006.05.27"]
[Round "5"]
[White "Vaca Diego (ECU)"]
[Black "Vizcaino Carlos (ECU)"]
[Result "0-1"]
[WhiteElo "1928"]
[BlackElo "1938"]

1.d4 e6 2.c4 Nf6 3.Nc3 Bb4 4.e3 c5 5.Bd3 d5 6.a3 Bxc3+ 7.bxc3 dxc4 8.Bxc4 Nd5
9.Qc2 O-O 10.Ne2 cxd4 11.cxd4 Nb6 12.Bd3 h6 13.O-O Bd7 14.e4 Nc6 15.Be3 Rc8
16.Qa2 Ne7 17.Rfc1 Bc6 18.f3 Qc7 19.Rab1 Rfd8 20.g4 a6 21.h4 f5 22.g5 fxe4
23.fxe4 {#R} 0-1

[Event "Memorial T.Petrosian"]
[Site "masterchessopen.com Uljanovsk (Russia)"]
[Date "2006.05.28"]
[Round "2"]
[White "Goncharov Evgeni (RUS)"]
[Black "Palamarchuk Anatoliy (RUS)"]
[Result "1-0"]
[WhiteElo "2175"]
[BlackElo "1704"]

1.d4 Nf6 2.c4 e6 3.Nc3 Bb4 4.e3 c5 5.Bd3 cxd4 6.exd4 d5 7.Nf3 Nc6 8.O-O Be7
9.Bf4 a6 10.Rc1 h6 11.Re1 O-O 12.cxd5 Nxd5 13.Be5 Nxe5 14.dxe5 b5 15.Nxd5 exd5
16.Nd4 Bd7 17.Qf3 Be6 18.Qh5 Bg5 19.Nxe6 g6 20.Qg4 f5 21.exf6 Qxf6 22.Nxg5
hxg5 23.Qe6+ Rf7 24.Qxf6 Rxf6 25.Re5 Raf8 26.Rxg5 Kg7 27.f3 Rd8 28.Rc7+ Kh6
29.Rg3 Rfd6 30.f4 R8d7 31.Rxd7 Rxd7 32.Rxg6+ {#r} 1-0

[Event "It (open) \"]
[Site "masterchessopen.com Sukhumi (Georgia)"]
[Date "2006.08.06"]
[Round "3"]
[White "Pushin Vladimir (RUS)"]
[Black "Ogloblin Nikolay (RUS)"]
[Result "0-1"]
[WhiteElo "2257"]
[BlackElo "2405"]

1.d4 Nf6 2.c4 e6 3.Nc3 Bb4 4.e3 c5 5.Bd3 Nc6 6.Ne2 cxd4 7.exd4 d5 8.c5 e5 9.a3
Bxc3+ 10.bxc3 O-O 11.O-O Bg4 12.f3 Bh5 13.Ng3 Bg6 14.Bb5 Qa5 15.Bxc6 bxc6
16.Rf2 Nd7 17.Bd2 Qb5 18.f4 exf4 19.Bxf4 Rfe8 20.h4 Re6 21.h5 Bd3 22.Qd2 Rae8
23.Rd1 Be4 24.Re1 h6 25.Bd6 Nf6 26.Rf4 a5 27.Be5 Nd7 28.Qf2 Nxe5 29.dxe5 Qb7
30.Nxe4 dxe4 31.Rfxe4 Qe7 32.Rf1 Rb8 {#R} 0-1

[Event "Ch Europe (juniors) (under 14) (g)"]
[Site "masterchessopen.com Herceg Novi (Montenegro)"]
[Date "2006.09.18"]
[Round "8"]
[White "Hasanova Turkan (AZE)"]
[Black "Pavlidou Ekaterini (GRE)"]
[Result "1-0"]
[WhiteElo "1934"]
[BlackElo "2006"]

1.d4 Nf6 2.c4 e6 3.Nc3 Bb4 4.e3 c5 5.Bd3 Nc6 6.Nf3 b6 7.O-O Bxc3 8.bxc3 O-O
9.e4 d6 10.e5 dxe5 11.dxe5 Nd7 12.Bxh7+ Kxh7 13.Ng5+ Kg6 14.Qd3+ f5 15.exf6+
Kxf6 16.Qf3+ Ke7 17.Qxc6 Ne5 18.Qxa8 Qc7 19.Qe4 Bb7 20.Qh4 Ng6 21.Qg3 e5
22.Nh7 {#r} 1-0

[Event "Ch Romania (team)"]
[Site "masterchessopen.com Predeal (Romania)"]
[Date "2006.11.10"]
[Round "7"]
[White "Davidescu Ovidiu (ROM)"]
[Black "Todoran Ioan George (ROM)"]
[Result "0-1"]
[WhiteElo "1983"]
[BlackElo "2180"]

1.d4 Nf6 2.c4 e6 3.Nc3 Bb4 4.e3 c5 5.Bd3 Nc6 6.Ne2 Bxc3+ 7.bxc3 d6 8.O-O e5
9.Ng3 O-O 10.Bc2 Re8 11.f3 b6 12.d5 Na5 13.Bd3 Ba6 14.Qe2 Qd7 15.Nf5 g6
16.Nh6+ Kg7 17.e4 Nh5 18.g3 Qa4 19.Qe3 Bxc4 20.Bxc4 Nxc4 21.Nf5+ gxf5 22.Qh6+
Kh8 23.Qxh5 f4 24.gxf4 Rg8+ 25.Kh1 Qc2 26.Qh3 Qxc3 27.Qh4 Rg7 28.Qf6 Qd3
29.Be3 Qxe3 30.Rae1 Qxf4 {#R} 0-1

[Event "It (open)"]
[Site "masterchessopen.com Solin (Croatia)"]
[Date "2007.01.20"]
[Round "1"]
[White "Knezevic Igor (CRO)"]
[Black "Simunic Neno (CRO)"]
[Result "1-0"]
[WhiteElo "2219"]
[BlackElo "1713"]

1.d4 Nf6 2.c4 e6 3.Nc3 Bb4 4.e3 c5 5.Bd3 d5 6.Ne2 Nc6 7.O-O cxd4 8.exd4 Bd6
9.h3 h6 10.Re1 Ne7 11.c5 Bb8 12.Bf4 O-O 13.Rc1 Ng6 14.Bxb8 Rxb8 15.Bxg6 fxg6
16.Nf4 Qe8 17.Rc2 Qf7 18.Nd3 Nd7 19.Rce2 a6 20.Rxe6 Qf5 21.Re8 Nf6 22.Rxf8+
Kxf8 23.Re5 Qd7 24.Nf4 b6 25.Nxg6+ Kg8 26.Ne7+ Kf8 27.c6 Qd6 28.Qf3 Be6 29.c7
Re8 30.Nexd5 Kg8 31.Nxf6+ gxf6 32.Qxf6 {#r} 1-0

[Event "It (open) (seniors)"]
[Site "masterchessopen.com Rowy (Poland)"]
[Date "2007.06.19"]
[Round "2"]
[White "Scheide Helmut (GER)"]
[Black "Sube Gunter (GER)"]
[Result "1-0"]
[WhiteElo "2008"]
[BlackElo "1904"]

1.d4 Nf6 2.c4 e6 3.Nc3 Bb4 4.e3 c5 5.Bd3 d5 6.a3 cxd4 7.exd4 dxc4 8.Bxc4 Be7
9.Bf4 a6 10.Nge2 O-O 11.O-O Bd7 12.Ng3 Bc6 13.Re1 Nbd7 14.d5 exd5 15.Nxd5 Bc5
16.b4 Ba7 17.Bc7 Bxd5 18.Bxd8 Bxc4 19.Bxf6 Nxf6 20.Nf5 Rad8 21.Qf3 Rd2 22.Ne3
Bd3 23.Qxb7 Bd4 24.Rac1 Be4 25.Qxa6 Nd5 26.Ng4 Bd3 27.Qd6 Bf5 28.Rcd1 {#r} 1-0

[Event "It (open) \"]
[Site "masterchessopen.com Berlin (Germany)"]
[Date "2007.07.20"]
[Round "1"]
[White "Hesselbarth Karlheinz (GER)"]
[Black "Von Herman Ulf (GER)"]
[Result "0-1"]
[WhiteElo "1878"]
[BlackElo "2365"]

1.d4 Nf6 2.c4 e6 3.Nc3 Bb4 4.e3 c5 5.Bd3 Nc6 6.Nf3 Bxc3+ 7.bxc3 d6 8.e4 e5
9.d5 Ne7 10.O-O h6 11.Rb1 g5 12.Ne1 Ng6 13.g3 b6 14.Ng2 Bh3 15.Rb2 Qe7 16.Re1
Bxg2 17.Kxg2 Rg8 18.Kh1 Rg7 19.Bf1 Qd7 20.Qf3 Ke7 21.Qf5 Rag8 22.Bh3 Qa4 23.f4
gxf4 24.gxf4 Nh4 25.fxe5 Nxf5 26.exf6+ Kxf6 27.Bxf5 Qxc4 28.Rf2 Ke5 {#R} 0-1

[Event "It (open)"]
[Site "masterchessopen.com Novosibirsk (Russia)"]
[Date "2007.07.29"]
[Round "9"]
[White "Kezin Roman (RUS)"]
[Black "Kiprianov Yaroslav (RUS)"]
[Result "1-0"]
[WhiteElo "2130"]
[BlackElo "1970"]

1.d4 Nf6 2.c4 e6 3.Nc3 Bb4 4.e3 c5 5.Bd3 b6 6.Ne2 Bb7 7.O-O d5 8.cxd5 exd5
9.a3 Bxc3 10.bxc3 Nc6 11.Bb2 Na5 12.Ng3 O-O 13.Qe2 g6 14.f3 Qe7 15.e4 Rae8
16.e5 Nd7 17.f4 f6 18.Qg4 Kh8 19.f5 fxe5 20.fxg6 e4 21.Bb5 {#r} 1-0

[Event "It \"]
[Site "masterchessopen.com Kuala Lumpur (Malaysia)"]
[Date "2007.08.24"]
[Round "8"]
[White "Khairul Anam (INA)"]
[Black "Zakaria Fairin (MAS)"]
[Result "1-0"]
[WhiteElo "2316"]
[BlackElo "2225"]

1.d4 Nf6 2.c4 e6 3.Nc3 Bb4 4.e3 c5 5.Bd3 Nc6 6.Ne2 d5 7.O-O O-O 8.a3 cxd4
9.exd4 Bd6 10.h3 h6 11.Be3 Ne7 12.c5 Bb8 13.b4 Nh7 14.Bf4 Bd7 15.Re1 f5 16.Nb1
Ng6 17.Bxb8 Qxb8 18.Nd2 Ng5 19.Rc1 Be8 20.Qc2 Rf6 21.Rf1 f4 22.f3 Nh4 23.Rf2
Bg6 24.Nf1 e5 25.dxe5 Qxe5 26.Qc3 Qe6 27.Bxg6 Rxg6 28.Nxf4 Nxh3+ 29.Nxh3 Qxh3
30.Rcc2 Rf8 31.Nh2 h5 32.Qe5 Rf5 33.Qe8+ {#r} 1-0

[Event "It (open)"]
[Site "masterchessopen.com Mondariz (Spain)"]
[Date "2007.08.27"]
[Round "3"]
[White "Iotov Valentin (BUL)"]
[Black "Montes Gutierrez Ignacio (ESP)"]
[Result "1-0"]
[WhiteElo "2509"]
[BlackElo "2142"]

1.d4 Nf6 2.c4 e6 3.Nc3 Bb4 4.e3 c5 5.Bd3 Nc6 6.Nf3 Bxc3+ 7.bxc3 d6 8.e4 e5
9.d5 Ne7 10.Nd2 Qa5 11.Qc2 h5 12.Nf1 h4 13.Ne3 h3 14.g3 g6 15.O-O Nfg8 16.f4
f6 17.fxe5 dxe5 18.d6 Nc6 19.Nd5 Qd8 20.Bg5 Qxd6 21.Nxf6+ Nxf6 22.Rxf6 Be6
23.Rxg6 Rf8 24.Rd1 Nd4 25.cxd4 Qxd4+ 26.Kh1 Bg4 27.Be2 Qf2 28.Re6+ Bxe6
29.Bh5+ Rf7 30.Qxf2 {#r} 1-0

[Event "It (open)"]
[Site "masterchessopen.com Siracusa (Italy)"]
[Date "2007.09.09"]
[Round "9"]
[White "Russo Alfio (ITA)"]
[Black "Polak Tomas (CZE)"]
[Result "0-1"]
[WhiteElo "1928"]
[BlackElo "2540"]

1.d4 Nf6 2.c4 e6 3.Nc3 Bb4 4.e3 c5 5.Bd3 Nc6 6.Nf3 Bxc3+ 7.bxc3 d6 8.O-O h6
9.Nd2 b6 10.Rb1 Bb7 11.Ba3 Qc7 12.Qa4 O-O 13.e4 e5 14.d5 Ne7 15.Qd1 Nh7 16.Re1
Bc8 17.g4 Ng6 18.Nf1 Nf4 19.Ne3 Qe7 20.Bf1 Qg5 21.Kh1 Nf6 22.f3 h5 23.h3 hxg4
24.hxg4 Qh4+ 25.Kg1 Qg3+ 26.Kh1 g6 27.Rb2 Kg7 28.Rh2 Bxg4 29.fxg4 Rh8 30.Qd2
{#R} 0-1

[Event "Ch World (juniors) (under 12)"]
[Site "masterchessopen.com Kemer (Turkey)"]
[Date "2007.11.26"]
[Round "9"]
[White "Nakauchi Gene (AUS)"]
[Black "Srbis Jurica (CRO)"]
[Result "1-0"]
[WhiteElo "2040"]
[BlackElo "2055"]

1.d4 Nf6 2.c4 e6 3.Nc3 Bb4 4.e3 c5 5.Bd3 Nc6 6.Nf3 Bxc3+ 7.bxc3 d6 8.O-O O-O
9.Qc2 e5 10.d5 Ne7 11.Ne1 h6 12.f4 exf4 13.exf4 Bd7 14.Rb1 b5 15.cxb5 Nexd5
16.Bd2 Re8 17.Qb2 Ng4 18.c4 Nde3 19.Rf3 Bf5 20.Qc3 d5 21.cxd5 Qxd5 22.h3 Bxd3
23.Nxd3 Nxg2 24.Rg3 Nh4 25.Rxg4 Nf3+ 26.Kf2 Nd4 27.Ne5 f6 28.Rbg1 fxe5
29.Rxg7+ Kh8 30.Qg3 Nf5 31.Rh7+ Kxh7 32.Qg6+ Kh8 33.Qf6+ Kh7 34.Qxf5+ Kh8 {#r}
1-0

[Event "Ch World (corr.) (final) XXII"]
[Site "masterchessopen.com corr."]
[Round "0"]
[White "Holmberg Rune"]
[Black "Vrkoc David (CZE)"]
[Result "0-1"]
[WhiteElo "2513"]
[BlackElo "2129"]

1.d4 Nf6 2.c4 e6 3.Nc3 Bb4 4.e3 c5 5.Bd3 Nc6 6.Nf3 Bxc3+ 7.bxc3 d6 8.O-O O-O
9.Nd2 b6 10.Qf3 Qc7 11.Qg3 Ba6 12.Ba3 Rfd8 13.Rfd1 Rac8 14.Rdc1 Na5 15.e4 d5
16.e5 Ne4 17.Qh4 Nxd2 18.Qxh7+ Kf8 {#R} 0-1

[Event "Ch City"]
[Site "masterchessopen.com Kolomna (Russia)"]
[Date "2008.01.16"]
[Round "4"]
[White "Voinov Sergey (RUS)"]
[Black "Borgovich Anton (RUS)"]
[Result "1-0"]
[WhiteElo "2387"]
[BlackElo "2058"]

1.d4 Nf6 2.c4 e6 3.Nc3 Bb4 4.e3 c5 5.Bd3 Nc6 6.Ne2 Bxc3+ 7.bxc3 d6 8.O-O b6
9.e4 e5 10.f4 exd4 11.cxd4 cxd4 12.Bb2 Bg4 13.Qd2 Bxe2 14.Qxe2 Qd7 15.e5 dxe5
16.fxe5 Ng4 17.Bf5 Qe7 18.Qxg4 g6 19.Qf3 Qc7 20.Be4 Rc8 21.Qf6 Rf8 22.e6 {#r}
1-0

[Event "Ch Europe (seniors) (team)"]
[Site "masterchessopen.com Dresden (Germany)"]
[Date "2008.02.11"]
[Round "1"]
[White "Hampel Johannes (GER)"]
[Black "Friedrich Ekkehard (GER)"]
[Result "1-0"]
[WhiteElo "2193"]
[BlackElo "1855"]

1.d4 Nf6 2.c4 e6 3.Nc3 Bb4 4.e3 c5 5.Bd3 Nc6 6.Nf3 d5 7.O-O Bxc3 8.bxc3 O-O
9.Ba3 dxc4 10.Bxc4 Ne4 11.Qc2 f5 12.dxc5 Qa5 13.Qb3 Rf6 14.Bb4 Qc7 15.Bd3 Rh6
16.Rfd1 Ng5 17.Nxg5 Qxh2+ 18.Kf1 Qh1+ 19.Ke2 Qxg2 20.Rg1 Qh2 21.Nf3 Qh5 22.Rg5
Qf7 23.Rag1 g6 24.Bc4 Kf8 25.Nd4 Ke7 26.Nxf5+ Kf6 27.Nxh6 Qg7 28.Qd1 Qxh6
29.Qd6 Kf7 30.R1g4 Qh3 31.Rf4+ Kg7 32.Qf8# 1-0

[Event "Ch SibFO "]
[Site "masterchessopen.com Novokuznetsk (Russia)"]
[Date "2008.03.20"]
[Round "8"]
[White "Kolesnikov Evgeny (RUS)"]
[Black "Vekshenkov Nikolai (RUS)"]
[Result "1-0"]
[WhiteElo "2410"]
[BlackElo "2432"]

1.d4 Nf6 2.c4 e6 3.Nc3 Bb4 4.e3 c5 5.Bd3 Nc6 6.Nf3 Bxc3+ 7.bxc3 d6 8.O-O e5
9.Nd2 O-O 10.Ne4 b6 11.Nxf6+ Qxf6 12.Be4 Bb7 13.Bd5 Na5 14.dxc5 dxc5 15.e4
Rad8 16.Qa4 Bc6 17.Qc2 Qg6 18.Qe2 Rfe8 19.h4 h6 20.h5 Qf6 21.Be3 Qe7 22.Rad1
Bd7 23.f4 exf4 24.Rxf4 Be6 25.Rdf1 f6 26.R1f3 Qf7 27.Rg3 Kh8 28.Qf1 Re7 29.e5
f5 30.Bxe6 Qxe6 31.Rxf5 Nxc4 32.Bxh6 Qxh6 33.Rf8+ Kh7 34.Qf5+ {#r} 1-0

[Event "It (open)"]
[Site "masterchessopen.com Voronezh (Russia)"]
[Date "2008.06.18"]
[Round "6"]
[White "Chuprikov Dmitry (RUS)"]
[Black "Shaposhnikov Evgeny (RUS)"]
[Result "0-1"]
[WhiteElo "2443"]
[BlackElo "2558"]

1.d4 Nf6 2.c4 e6 3.Nc3 Bb4 4.e3 c5 5.Bd3 Nc6 6.Nf3 d6 7.O-O Bxc3 8.bxc3 e5
9.Nd2 O-O 10.Rb1 b6 11.d5 Ne7 12.Qc2 g6 13.f4 exf4 14.exf4 Bf5 15.h3 h5 16.Nf3
Qd7 17.Rb2 Rfe8 18.Ng5 h4 19.Bd2 Bxd3 20.Qxd3 Nf5 21.Be1 Re3 22.Qd1 Rae8
23.Nf3 R3e4 24.Ng5 Rxc4 25.Qd3 b5 26.a4 Rxa4 27.Rxb5 Ne3 28.f5 Nxf1 29.fxg6
Rxe1 30.Rb8+ Kg7 31.gxf7 Ng3+ 32.Kf2 Qf5+ 33.Qxf5 Rf1+ {#R} 0-1

[Event "Memorial Izmailov (open)"]
[Site "masterchessopen.com Tomsk (Russia)"]
[Date "2008.06.28"]
[Round "4"]
[White "Konev Anatoly (RUS)"]
[Black "Shevchenko Olesia (RUS)"]
[Result "1-0"]
[WhiteElo "2297"]
[BlackElo "2016"]

1.d4 Nf6 2.c4 e6 3.Nc3 Bb4 4.e3 c5 5.Bd3 Nc6 6.Ne2 cxd4 7.exd4 d5 8.O-O dxc4
9.Bxc4 Bxc3 10.bxc3 Nd5 11.Ba3 Qa5 12.Qb3 a6 13.Rac1 Qc7 14.Bd3 Na5 15.Qc2 Nc4
16.Bxc4 Qxc4 17.Ng3 f5 18.Rfe1 Kf7 19.Bd6 h5 20.Qd2 h4 21.Nf1 h3 22.Be5 hxg2
23.Ne3 Nxe3 24.Rxe3 Rh6 25.Rg3 Rg6 26.Rxg6 Kxg6 27.f3 Kf7 28.Qxg2 g6 29.Qg5
Qxa2 30.Qf6+ Ke8 31.Bd6 Kd7 32.Qe7+ Kc6 33.Qc7+ Kb5 34.Qc5+ {#r} 1-0

[Event "It (cat.10)"]
[Site "masterchessopen.com Panevezys (Lithuania)"]
[Date "2008.08.12"]
[Round "1"]
[White "Simutowe Amon (ZAM)"]
[Black "Miezis Normunds (LAT)"]
[Result "0-1"]
[WhiteElo "2463"]
[BlackElo "2557"]

1.d4 Nf6 2.c4 e6 3.Nc3 Bb4 4.e3 c5 5.Bd3 d5 6.cxd5 exd5 7.Ne2 cxd4 8.exd4 O-O
9.O-O h6 10.a3 Bd6 11.Nf4 Nc6 12.Bc2 Re8 13.h3 Bxf4 14.Bxf4 Qb6 15.Qc1 Nxd4
16.Be3 Nf3+ 17.gxf3 d4 18.Na4 Qc6 19.Bxd4 Bxh3 20.Qd1 Rad8 21.Kh2 Bxf1 22.Nc3
Ba6 23.Kg2 Qc4 24.Bxf6 Rxd1 25.Rxd1 gxf6 26.Be4 Kh8 27.f4 {#R} 0-1

[Event "It (open)"]
[Site "masterchessopen.com Collado Villalba (Spain)"]
[Date "2008.08.30"]
[Round "9"]
[White "Gago Padreny Ignacio (ESP)"]
[Black "Martinez Rodriguez Pablo (ESP)"]
[Result "0-1"]
[WhiteElo "2218"]
[BlackElo "2230"]

1.d4 Nf6 2.c4 e6 3.Nc3 Bb4 4.e3 c5 5.Bd3 Nc6 6.Nf3 Bxc3+ 7.bxc3 d6 8.O-O e5
9.Nd2 O-O 10.h3 Qe7 11.Rb1 Rb8 12.Ba3 b6 13.Qc2 Re8 14.Rfe1 e4 15.Bf1 h5 16.g3
g6 17.Bg2 Bf5 18.Kh2 Kg7 19.Rh1 Rbc8 20.Kg1 cxd4 21.cxd4 Nxd4 22.exd4 e3
23.Qc3 Bxb1 24.Nxb1 exf2+ 25.Kh2 Ng4+ 26.hxg4 hxg4 27.d5+ f6 {#R} 0-1

[Event "World Mindsports Games (Blitz Team)"]
[Site "masterchessopen.com Beijing (China)"]
[Date "2008.10.13"]
[Round "11"]
[White "Gonzalez Garcia Jose (MEX)"]
[Black "Bagheri Amir (FRA)"]
[Result "0-1"]
[WhiteElo "2508"]
[BlackElo "2490"]

1.d4 Nf6 2.c4 e6 3.Nc3 Bb4 4.e3 c5 5.Bd3 Nc6 6.Nf3 Bxc3+ 7.bxc3 d6 8.e4 e5
9.d5 Ne7 10.g3 h6 11.Nh4 g5 12.Ng2 Kd7 13.Ne3 Kc7 14.f3 h5 15.h4 gxh4 16.Rxh4
Ng6 17.Rh1 h4 18.gxh4 Nxh4 19.Kd2 Nh5 20.Kc2 Nf4 21.Bf1 Bd7 22.Kb2 Qf6 23.Bd2
Nxf3 24.Rxh8 Rxh8 25.Rb1 Rh2 {#R} 0-1

[Event "Ch World (juniors) (under 18) (g)"]
[Site "masterchessopen.com Vung Tau (Vietnam)"]
[Date "2008.10.26"]
[Round "7"]
[White "Li Panru (CHN)"]
[Black "Zhorzholiani Meri (GEO)"]
[Result "1-0"]
[WhiteElo "2126"]
[BlackElo "2122"]

1.d4 Nf6 2.c4 e6 3.Nc3 Bb4 4.e3 c5 5.Bd3 Nc6 6.Nf3 Bxc3+ 7.bxc3 d6 8.e4 e5
9.d5 Ne7 10.O-O h6 11.Nh4 O-O 12.f4 exf4 13.Bxf4 Ng4 14.Nf5 Nxf5 15.exf5 Ne5
16.Bxe5 dxe5 17.f6 g6 18.Qe1 Qd6 19.Qg3 Kh7 20.Rae1 Re8 21.h4 h5 22.Qg5 Bg4
23.Bxg6+ fxg6 24.f7 Qe7 25.fxe8=Q Rxe8 26.Rf6 Bf5 27.Rf1 Qg7 28.R1xf5 gxf5
29.Qxh5+ {#r} 1-0

[Event "Olympiad (w)"]
[Site "masterchessopen.com Dresden (Germany)"]
[Date "2008.11.19"]
[Round "6"]
[White "Perez Dalila (PAR)"]
[Black "Jackova Jana (CZE)"]
[Result "0-1"]
[WhiteElo "1632"]
[BlackElo "2360"]

1.d4 Nf6 2.c4 e6 3.Nc3 Bb4 4.e3 c5 5.Bd3 Nc6 6.Nf3 Bxc3+ 7.bxc3 d6 8.O-O e5
9.d5 Ne7 10.e4 Ng6 11.Re1 h6 12.Be3 Nh7 13.Qd2 O-O 14.Rab1 b6 15.h3 f5 16.exf5
Bxf5 17.Bxf5 Rxf5 18.Qd3 Qd7 19.Bd2 Raf8 20.Be3 Nf4 21.Bxf4 Rxf4 22.Rb2 Qa4
23.Re4 Rxe4 24.Qxe4 Rf4 25.Qg6 Nf6 26.Nd2 Qd1+ 27.Nf1 Rxc4 28.Rd2 Qa1 29.f3
Rxc3 30.Qf5 Rc1 31.Rf2 Qd4 32.Qe6+ Kh8 33.Qxd6 Rxf1+ 34.Kxf1 Qd1# 0-1

[Event "Cup Helio da Motta Filho"]
[Site "masterchessopen.com Rio de Janeiro (Brazil)"]
[Date "2008.12.10"]
[Round "5"]
[White "Cramling Dan (SWE)"]
[Black "Saldano Horacio (ESP)"]
[Result "1-0"]
[WhiteElo "2399"]
[BlackElo "2457"]

1.d4 Nf6 2.c4 e6 3.Nc3 Bb4 4.e3 c5 5.Bd3 Nc6 6.Ne2 cxd4 7.exd4 d5 8.cxd5 Qxd5
9.O-O Qh5 10.Bf4 O-O 11.Qd2 Rd8 12.Bg5 Be7 13.f4 Ng4 14.h3 f6 15.hxg4 Qxg4
16.Rf3 e5 17.Rh3 Nxd4 18.Bxh7+ Kf8 19.Nxd4 Rxd4 20.Qc2 fxg5 21.fxe5 Be6 22.Ne4
Rad8 23.Rf1+ Ke8 24.Qc7 Bf7 25.Bg6 {#r} 1-0

[Event "It (open)"]
[Site "masterchessopen.com Queenstown (New Zealand)"]
[Date "2009.01.17"]
[Round "3"]
[White "Aldridge Alan L (NZL)"]
[Black "Bakker Sven (NED)"]
[Result "0-1"]
[WhiteElo "1944"]
[BlackElo "2199"]

1.d4 Nf6 2.c4 e6 3.Nc3 Bb4 4.e3 c5 5.Bd3 Nc6 6.Nf3 Bxc3+ 7.bxc3 d6 8.O-O O-O
9.Rb1 e5 10.Qc2 Re8 11.e4 h6 12.h3 b6 13.Be3 Qe7 14.d5 Na5 15.Nd2 Nh5 16.f4
Nxf4 17.Bxf4 exf4 18.Rxf4 Bd7 19.Rbf1 Rf8 20.Qd1 Rae8 21.Be2 Qg5 22.Bg4 Bxg4
23.Rxg4 Qe3+ 24.Kh1 Qxc3 25.e5 Qxe5 26.Ne4 f5 27.Rg6 fxe4 28.Rxf8+ Rxf8 29.Re6
Qf4 {#R} 0-1

[Event "Regionalliga Bayern North-East 2008/09"]
[Site "masterchessopen.com Bayern (Germany)"]
[Date "2009.02.01"]
[Round "6"]
[White "Kirch Daniel (GER)"]
[Black "Bloederl Alfred (GER)"]
[Result "1-0"]
[WhiteElo "2050"]
[BlackElo "2014"]

1.d4 Nf6 2.c4 e6 3.Nc3 Bb4 4.e3 c5 5.Bd3 Nc6 6.Nf3 Bxc3+ 7.bxc3 d6 8.O-O e5
9.e4 O-O 10.h3 h6 11.Be3 b6 12.Qd2 Ba6 13.g3 Qc7 14.d5 Na5 15.Qe2 Qd7 16.Kg2
Nxe4 17.Bxe4 f5 18.Bd3 e4 19.Bxe4 fxe4 20.Nd2 Qa4 21.Qg4 Bc8 22.Qxe4 Bf5
23.Qh4 Bd3 24.Rfe1 Nxc4 25.Bxh6 gxh6 26.Qg4+ Kf7 27.Qf3+ Kg8 28.Qxd3 Ne5
29.Rxe5 dxe5 30.Qg6+ Kh8 31.Qxh6+ Kg8 32.Qg6+ Kh8 33.Re1 Rae8 34.Re4 {#r} 1-0

[Event "Ch City (open)"]
[Site "masterchessopen.com Irkutsk (Russia)"]
[Round "2"]
[White "Danchinov Viktor (RUS)"]
[Black "Drapeza Sergey (RUS)"]
[Result "1-0"]
[WhiteElo "2204"]
[BlackElo "1707"]

1.d4 Nf6 2.c4 e6 3.Nc3 Bb4 4.e3 c5 5.Bd3 Qa5 6.Ne2 cxd4 7.exd4 b6 8.O-O Bb7
9.Nb5 O-O 10.a3 Bxg2 11.Kxg2 Qa6 12.axb4 Qb7+ 13.f3 d5 14.c5 Nc6 15.Nd6 Qe7
16.b5 bxc5 17.dxc5 Ne5 18.Kh1 Nh5 19.Ng3 Nxg3+ 20.hxg3 h5 21.Qe2 Nd7 22.b4 e5
23.Qa2 Qe6 24.Bf5 Qe7 25.Qxd5 Nf6 26.Qc4 Kh8 27.Bg5 {#r} 1-0

[Event "Ch Deptal Valle"]
[Site "masterchessopen.com Cali (Colombia)"]
[Date "2009.03.29"]
[Round "8"]
[White "Rosales Daniel (COL)"]
[Black "Morales Jhon Alexander (COL)"]
[Result "0-1"]
[WhiteElo "2065"]
[BlackElo "2262"]

1.d4 Nf6 2.c4 e6 3.Nc3 Bb4 4.e3 c5 5.Bd3 O-O 6.Nf3 Bxc3+ 7.bxc3 Nc6 8.O-O d6
9.Nd2 e5 10.d5 Ne7 11.f4 exf4 12.exf4 Bf5 13.Qc2 Qd7 14.Nf3 Bxd3 15.Qxd3 Nf5
16.Bd2 Rae8 17.h3 h5 18.Rae1 Rxe1 19.Rxe1 g6 20.Be3 Re8 21.Bf2 Rxe1+ 22.Bxe1
Qe8 23.Bf2 Qe4 24.Qxe4 Nxe4 25.g4 hxg4 26.hxg4 Nh6 27.Nh2 Nxc3 28.Be3 f6 29.a3
b5 30.Bd2 Ne4 31.Be1 bxc4 32.Kg2 c3 {#R} 0-1

[Event "It (open)"]
[Site "masterchessopen.com Varna (Bulgaria)"]
[Date "2009.06.19"]
[Round "9"]
[White "Ivelinov Hristo (BUL)"]
[Black "Komarov Dimitri (UKR)"]
[Result "0-1"]
[WhiteElo "2168"]
[BlackElo "2550"]

1.d4 Nf6 2.c4 e6 3.Nc3 Bb4 4.e3 c5 5.Bd3 Nc6 6.Ne2 cxd4 7.exd4 d5 8.Qb3 dxc4
9.Qxc4 O-O 10.O-O Be7 11.a3 Na5 12.Qa2 b6 13.b4 Nc6 14.Rd1 Bd6 15.d5 exd5
16.Nxd5 Nxd5 17.Qxd5 Bxh2+ 18.Kxh2 Qxd5 19.Bxh7+ Kxh7 20.Rxd5 Be6 21.Rd1 Ne5
22.Bg5 Nc4 23.Rd4 f6 24.Bf4 g5 25.Re4 Rae8 {#R} 0-1

[Event "It (cat.9)"]
[Site "masterchessopen.com Stockholm (Sweden)"]
[Date "2009.06.25"]
[Round "9"]
[White "Cramling Dan (SWE)"]
[Black "Ivanov Sergey_ (RUS)"]
[Result "0-1"]
[WhiteElo "2409"]
[BlackElo "2528"]

1.d4 Nf6 2.c4 e6 3.Nc3 Bb4 4.e3 c5 5.Bd3 Nc6 6.Ne2 cxd4 7.exd4 d5 8.cxd5 Nxd5
9.a3 Bd6 10.Bc2 Qh4 11.Ne4 Be7 12.h3 f5 13.g3 Qh5 14.g4 Qh4 15.N4g3 O-O 16.Ng1
Bd6 17.Nf3 Qe7 18.Qd3 Qc7 19.Bd2 Bxg3 20.fxg3 Qxg3+ 21.Ke2 Qg2+ 22.Ke1 {#R}
0-1

[Event "It (open)"]
[Site "masterchessopen.com Senta (Serbia)"]
[Date "2009.07.20"]
[Round "4"]
[White "Krstic Petar (SRB)"]
[Black "Jovanovic Miroslav (SRB)"]
[Result "1-0"]
[WhiteElo "2309"]
[BlackElo "2045"]

1.d4 Nf6 2.c4 e6 3.Nc3 Bb4 4.e3 c5 5.Bd3 Qc7 6.Ne2 b6 7.a3 Bxc3+ 8.Nxc3 Bb7
9.Nb5 Qc6 10.e4 d6 11.d5 Qd7 12.Bc2 exd5 13.exd5 O-O 14.O-O a6 15.Nc3 Qc7
16.Bg5 Nbd7 17.Qd3 Rfe8 18.Rae1 h6 19.Bh4 Ne5 20.Rxe5 Rxe5 21.Bxf6 gxf6 22.f4
Ree8 23.Qh7+ Kf8 24.Qxh6+ Ke7 25.Re1+ Kd8 26.Qxf6+ Re7 27.Qh8+ {#r} 1-0